Jojo's Bizarre Adventure - Time Stands - Statistics

General Stats
  • This quiz has been taken 104 times
    7 since last reset
  • The average score is 5 of 6
Answers on the Grid
Answers color-coded by a green-red scale on the quiz's grid according to % correct below.
Made in Heaven
The World
Star Platinum
Mandom
King Crimson
Killer Queen
Grateful Dead
Metallica
Green Day
Whitesnake
Death 13
Weather Report
Emperor
Diver Down
Red Hot Chili Pepper
Mr. President
Silver Chariot Requiem
Hanged Man
Scary Monsters
Crazy Diamond
 
Answer Stats
Answer % Correct
King Crimson
100%
Made in Heaven
100%
Killer Queen
80%
Star Platinum
80%
The World
80%
Mandom
60%
No matching quizzes found
Score Distribution
Percent of People with Each Score
Percentile by Number Answered
Your Score History
You have not taken this quiz since the last reset